000 00299nam a22000977a 4500
008 160425b xxu||||| |||| 00| 0 eng d
082 _a362.5 URT
100 _aTHE UNITED REPUBLIC OF TANZANIA.
245 _aPOVERTY WELFARE MONITORING INDICATORS
260 _aDAR ES SALAAM,
_bVICE PRESIDENT`S OFFICE,
_c1999.
999 _c4155
_d4155